000 01071nam a2200313 i 4500
001 768714001
003 CO-MdFUSB
005 20220325095409.0
007 ta
008 220215t1994 ck |||| |||| 00| 0 spa d
020 _a9789586077873
040 _aCO-MdFUSB
_bspa
_cCO-MdFUSB
_dCO-MdFUSBC
_erda
041 _aspa
082 _223
_a269.209861
_bP259
100 _aParra Kadpa, Alberto,
_eautor
245 _aEvangelizar a Colombia desde su nueva realidad
_c/ Alberto Parra Kadpa
264 1 _aSantafé de Bogotá, D.C., Colombia :
_bSan Pablo,
_c[1994]
264 4 _c© 1994
300 _a73 páginas
_c; 21 cm
336 _2rdacontent
_atexto
_btxt
337 _2rdamedia
_asin mediación
_bn
338 _2rdacarrier
_avolumen
_bnc
490 _aColección Actualidades teológicas.
505 _aEvangelizar a la manera de Jesús. -- La nueva constitución. -- El concordato. -- Evangelio y hambre. -- El Neoliberalismo. -- La ética cívica. -- El catecismo.
563 _aRústico
650 0 _9362
_aEvangelización
942 _cBK
945 _aJTF-925
999 _c67210
_d67210